000
00252nam a2200109Ia 4500
008
140130s9999 xx 000 0 und d
245
_c
Marzollo, Jean
_a
I'm a caterpillar
260
_b
Scholastic,
_c
2003
440
_v
1
942
_c
BK
999
_c
42040
_d
42040